000 00248nam a2200097Ia 4500
008 120527s9999 xx 000 0 und d
100 _aMatson,D.d
245 _aNeurosyrgery of infancy and childhood. 2nd ed.
260 _bCharles&Thomas
942 _cBK
999 _c20641
_d20641